Blur - Country House lyrics - Statistics

General Stats
  • This quiz has been taken 270 times
  • The average score is 19 of 28
Answer Stats
Lyric Answer % Correct
I've got a lot of ___ Money
94%
But my heart's __ _ _ Not in it
94%
And so the ___ begins Story
93%
City ____ successful fella Dweller
92%
Paying the price of ____ life at the limit Living
92%
He lives in a house, a __ __ house in the country Very big
91%
I'm a _________ cynic Professional
86%
And life's a _____ story Different
84%
Hes got ______ ____ Morning glory
82%
Caught in a __ ___ terminally Rat Race
81%
He lives in a house, a very big house in the _____ Country
76%
Its a helping ___ Hand
73%
Thought to himself ___ Oops
72%
In touch ___ __ __ mortality With his own
71%
Its like an animal farm, lots of ___ ___ in the country Rural charm
70%
Watching ______ ____ and the food he eats in the country Afternoon repeats
60%
It preys on him, hes _____ ___ Getting thin
60%
Knocking back ___ Prozac
60%
Hes doesn't ___ ____ ___ takes herbal baths in the country Drink smoke laugh
57%
He takes all manner of ___, piles up analyst ____ in the country Pills, bills
57%
He's ____ balzac Reading
56%
Everything's going ________ Jackanory
55%
Caught up in the centuries _____ Anxiety
54%
Says she's come to no harm on the ____ ___ in the country Animal Farm
50%
For the ___ at heart, a new ___ Faint, start
41%
Oh it's the ______ remedy Centuries
40%
That makes you feel wonderfully ___ Bland
35%
Hes got a __ on his chest, so he needs a lot of ___ in the country Fog, rest
33%
No matching quizzes found
Score Distribution
Percent of People with Each Score
Percentile by Number Answered
Your Score History
You have not taken this quiz